| 000 | 00588nam a2200217Ia 4500 | ||
|---|---|---|---|
| 001 | 7781 | ||
| 003 | GE_BSU | ||
| 008 | 181216s||||||||xx |||||||||||||| ||und|| | ||
| 040 | _cGE_BSU | ||
| 080 | _a629.113 | ||
| 100 | _aИсаев,А.С. | ||
| 245 | _aИзучайте автомовиль. | ||
| 245 | _cРед. Л.А.Вайнштеин. | ||
| 250 | _aИзд. второе, перер. | ||
| 260 | _aМ. | ||
| 260 | _bМашиностроение. | ||
| 260 | _c1969. | ||
| 300 | _a392стр.с илл. 22см. | ||
| 653 | _aИзучайте автомовиль. | ||
| 942 | _cBK | ||
| 999 |
_c41131 _d41131 |
||